| 000 | 00362nam a2200145Ia 4500 | ||
|---|---|---|---|
| 008 | 230917s9999||||xx |||||||||||||| ||und|| | ||
| 040 |
_e177120 _aMAIN |
||
| 041 | _aEnglish | ||
| 082 | _a880.9 B686L | ||
| 100 | _aBowra, C M | ||
| 245 | 0 | _aLandmarks in Greek literature | |
| 260 |
_aLondon _bWeidenfeld and Nicolson _c1966 |
||
| 300 | _axi, 284 p. | ||
| 942 | _cBK | ||
| 999 |
_c61041 _d61041 |
||